LEADER 04634nam 2200589Ia 450 001 9910458526303321 005 20200520144314.0 010 $a1-60795-119-3 035 $a(CKB)2560000000056623 035 $a(EBL)3386894 035 $a(SSID)ssj0000457041 035 $a(PQKBManifestationID)11305385 035 $a(PQKBTitleCode)TC0000457041 035 $a(PQKBWorkID)10410280 035 $a(PQKB)11719677 035 $a(MiAaPQ)EBC3386894 035 $a(Au-PeEL)EBL3386894 035 $a(CaPaEBR)ebr10409627 035 $a(OCoLC)940510612 035 $a(EXLCZ)992560000000056623 100 $a20091112d2010 uy 0 101 0 $aeng 135 $aurcn||||||||| 181 $ctxt 182 $cc 183 $acr 200 00$aVascular surgery$b[electronic resource] $etherapeutic strategies /$f[edited by] Mark K. Eskandari ... [et al.] 210 $aShelton, Conn. $cPeople's Medical Pub. House$d2010 215 $a1 online resource (0 p.) 300 $aDescription based upon print version of record. 311 $a1-60795-055-3 320 $aIncludes bibliographical references and index. 327 $aFront matter; Contents; Section I: Carotids; 1: Concurrent Carotid Revascularization and Coronary Bypass Strategies in the US: The Roles of Carotid Stenting vs Endarterectomy; 2: Interventional Approaches to Acute Stroke; 3: High Risk - What Does It Mean?; 4: Carotid Stents and Embolic Protection Devices; Section II: Upper Extremity; 5: Treatment Options for Hand Ischemia; 6: Subclavian Artery Aneurysms; 7: Raynaud's: Update on Diagnosis and Treatment; Section III: Thoracic Outlet Syndrome; 8: Imaging for Thoracic Outlet Syndrome; 9: Thoracic Outlet Syndrome: Too Many Operations or Too Few? 327 $a10: Long-Term Outcomes for Upper Extremity Deep Vein Thrombosis 11: Diagnosis of Neurogenic Thoracic Outlet Syndrome; 12: Pectoralis Minor Syndrome; 13: Thoracic Outlet Syndrome: Which Way to Go?; 14: Quality of Life Research in Thoracic Outlet Syndrome; Section IV: Trauma; 15: Civilian Experience with Temporary Arterial Shunts; 16: Fasciotomies; 17: Vascular Injury During Anterior Exposure of the Spine; 18: Vascular Trauma in a Rural Environment; 19: Endovascular Treatment of Supra-aortic Arterial Trauma; Section V: AV Access; 20: Strategies of Hemodialysis Access 327 $a21: Management of Access-Related Hand Ischemia 22: Complications Associated with Hemodialysis Access; 23: Axilloaxillary Arteriovenous Access for Hemodialysis; 24: Access Surveillance; Section VI: Lower Extremity; 25: Catheter-Based Plaque Excision: Is There a Role? Examining the Silver Hawk System; 26: Popliteal Pathology; 27: Long-Term Results of Combined Common Femoral Endarterectomy and Iliac Stent/Stent Grafting for Occlusive Disease; 28: The Cost of Patency; Section VII: Visceral Vessels; 29: Role of Endarterectomy for Chronic Mesenteric Ischemia in the Endovascular Era 327 $a30: Spontaneous Isolated Superior Mesenteric Artery Dissection 31: Visceral Artery Aneurysms Revisited; 32: Infectious Aortitis; 33: Vascular Laboratory Evaluation Following Superior Mesenteric Artery Stenting; 34: Complex Abdominal Aortic Diseases and Reconstruction in Children; Section VIII: Venous; 35: Combined Superficial and Deep Venous Reflux: What Do We Do?; 36: Isolated Gastrocnemius and Soleal Vein Thrombosis; 37: Lymphedema: Current Update and Management; 38: Chronic Venous Disease: Scientific Basis for Patient Management; Section IX: Tevar 327 $a39: TEVAR following FDA Approval: Results of the TAG 05-02 Post Marketing Study 40: Chronic Aortic Dissections: Management and Outcomes; 41: Current Treatment of Type B Thoracic Aortic Dissections; 42: Combining Open and Endovascular Approaches to Complex Aneurysms; 43: Connective Tissue Disorders for the Vascular Surgeon; 44: Renal Malperfusion Following Aortic Dissection; Section X: Abdominal Aortic Aneurysm I; 45: Pharmacological Therapy: The Treatment of Small Abdominal Aortic Aneurysms; 46: Abdominal Aortic Aneurysm Disease and Exercise 327 $a47: Can Patient-Specific Biomechanical Evaluation of Abdominal Aortic Aneurysm Be Used to Predict Rupture? 606 $aBlood-vessels$xSurgery 606 $aCardiovascular system$xSurgery 608 $aElectronic books. 615 0$aBlood-vessels$xSurgery. 615 0$aCardiovascular system$xSurgery. 676 $a617.4/13 701 $aEskandari$b Mark K$0974486 801 0$bMiAaPQ 801 1$bMiAaPQ 801 2$bMiAaPQ 906 $aBOOK 912 $a9910458526303321 996 $aVascular surgery$92218617 997 $aUNINA LEADER 01172nam a2200265 i 4500 001 991001164969707536 005 20020507112127.0 008 970308s1978 it ||| | ita 035 $ab10182779-39ule_inst 035 $aLE00643225$9ExL 040 $aDip.to Fisica$bita 084 $a338 084 $a621.3.5 100 1 $aZingales, Giuseppe$01896 245 10$aPresente e futuro delle fonti alternative di energia :$bil ruolo della fusione nucleare nelle prospettive di politica energetica /$cG. Zingales ; a cura del Centro Studi "Giorgio Levi Cases" di Economia e Tecnica dell'energia 260 $aPadova :$bCLEUP,$c1978 300 $a37 p. ;$c24 cm. 650 4$aFonti energetiche-Energia nucleare 710 2 $aUniversità degli Studi, Padova. Centro Studi "Giorgio Levi Cases" di Economia e Tecnica dell'energia 907 $a.b10182779$b02-04-14$c27-06-02 912 $a991001164969707536 945 $aLE006 621.3.5 ZIN$g1$i2006000052191$lle006$o-$pE0.00$q-$rl$s- $t0$u0$v0$w0$x0$y.i10223952$z27-06-02 996 $aPresente e futuro delle fonti alternative di energia$9190658 997 $aUNISALENTO 998 $ale006$b01-01-97$cm$da $e-$fita$git $h0$i1